Vista normal Vista MARC

Entrada Término Temático

Número de registros utilizados en: 6

001 - CONTROL NUMBER

  • control field: 5608

003 - CONTROL NUMBER IDENTIFIER

  • control field: AR-RoUNA

005 - DATE AND TIME OF LATEST TRANSACTION

  • control field: 20161229095251.0

008 - FIXED-LENGTH DATA ELEMENTS

  • fixed length control field: 161229|| aca||aabn | a|a d

040 ## - CATALOGING SOURCE

  • Original cataloging agency: AR-RoUNA
  • Transcribing agency: AR-RoUNA

150 ## - HEADING--TOPICAL TERM

  • Topical term or geographic name as entry element: Transporte de cargas

670 ## - SOURCE DATA FOUND

  • Source citation: Work cat.: (AR-RoUNA)718: Municipalidad de Rosario Ente del Transporte de Rosario 5607, Plan Integral de Movilidad Rosario , 2011.